[Event "12th A.Margaryan Memorial 2022"]
[Site "Yerevan"]
[Date "2022.01.14"]
[Round "4.2"]
[White "Petrov, Nikita"]
[Black "Ohanyan, Emin"]
[Result "1-0"]
[WhiteElo "2558"]
[BlackElo "2373"]
[Annotator "TA"]
[PlyCount "195"]
[EventDate "2022.01.09"]
[EventType "tourn"]
[EventCountry "ARM"]
[SourceTitle "playchess.com"]
[Source "ChessBase"]
[SourceQuality "1"]

{[%evp 14,195,-14,-15,0,-4,0,0,0,-8,0,0,7,0,6,12,14,0,66,73,79,62,82,81,118,125,108,107,105,106,112,101,98,108,115,105,107,77,77,77,114,60,60,60,63,63,84,72,138,26,26,19,50,50,50,50,50,50,50,0,0,0,0,35,50,0,50,0,50,0,0,0,0,35,51,51,66,58,49,58,1007,164,66,409,485,66,258,304,66,66,66,227,66,66,66,66,85,73,80,0,76,0,0,0,0,0,0,0,0,0,0,0,0,0,0,0,0,0,0,0,3891,0,6003,0,2139,8262,12824,12823,12825,12824,12825,12189,1502,0,12822,162,162,162,162,162,162,0,162,162,164,162,162,162,162,162,162,162,12833,12834,12830,12835,12845,12835,12835,12835,12836,12836,12837,12837,12837,12837,12839,12839,12840,12840,12841,12840,12839,12841,12840,12842,12842,12843,12843,12843,12842,12842,12842,12842]} 1. d4 Nf6 2. Nf3 d5 3. Bf4 c5 4. e3 e6 5. Nbd2 Bd6 6. Ne5 Nc6 7. c3 Qc7 8. Ndf3 Nd7 {D02: 1 d4 d5 2 Nf3 sidelines, including 2...Nf6 3 g3 and 2...Nf6 3 Bf4.} 9. Nxd7 Bxd7 10. Bg3 b6 {The position is equal.} 11. Bd3 h6 12. O-O O-O 13. Rc1 {[#]} Bxg3 $146 ({Predecessor:} 13... c4 14. Bb1 f5 15. Nd2 Be8 16. Bxd6 Qxd6 17. f3 b5 18. e4 Rb8 19. b4 a5 {0-1 (45) Barlocco,C (2270)-Vaisser,A (2555) Mendrisio 1989}) 14. hxg3 Qd6 15. Re1 e5 ({Black should play} 15... Rad8 $11) 16. dxc5 $1 $14 {White is more active.} bxc5 {[#]} 17. Be4 $1 Be6 18. c4 $1 {[%cal Rc4d5]} Rfd8 19. cxd5 Bxd5 20. Qxd5 Qxd5 21. Bxd5 Rxd5 22. e4 Rd6 23. Rxc5 f6 24. Rec1 Nd4 25. Nxd4 Rxd4 $16 {[%mdl 4096] Endgame KRR-KRR} 26. f3 Rad8 27. Rc7 (27. b3 $16) 27... Rd1+ $14 28. Rxd1 Rxd1+ {KR-KR} 29. Kh2 Rd2 30. Rxa7 Rxb2 31. g4 ({Better is} 31. a4 $16) 31... Kh7 $11 32. a4 {[%cal Ba2a4,Ba4a5,Ba5a6][%mdl 32]} Ra2 33. a5 Kg6 34. a6 h5 35. gxh5+ Kxh5 36. Ra8 (36. Rxg7 $14 Rxa6 37. Rg8) 36... Kg5 37. Kg3 Kg6 38. Kh3 Kg5 39. Kg3 (39. Ra7 $5 {[%cal Ra7g7]} g6 40. Kg3 $16) 39... Kg6 $1 40. Kh3 Kg5 $1 41. g3 (41. Ra7 $1 $14 Kf4 42. Rxg7) 41... Ra3 42. Kg2 Ra2+ 43. Kf1 Ra3 44. Ke2 Kg6 45. a7 Ra2+ 46. Kd3 {Threatens to win with f4.} Kh7 $2 {[%mdl 8192]} (46... Kg5 $14 47. Kc4 Kg6) 47. Kc4 $2 (47. f4 $1 exf4 48. gxf4) 47... Ra5 (47... Ra1 $18 48. Kd5 Kg6) 48. Kb4 $2 {[%mdl 8192]} (48. Kb3 $14 Ra6 49. Kc4) 48... Ra1 49. Kc5 $2 (49. f4 $18) 49... Ra6 $2 (49... Kg6 $14 50. Kb6 Rb1+ 51. Kc6 Ra1) 50. Kb5 $1 $18 Ra3 (50... Ra1 $18 51. Kb6 Rb1+ 52. Kc7 Ra1) 51. Kb6 ({Not} 51. Kb4 Ra1 52. Kb5 Kg6 $18) 51... Rb3+ $1 52. Kc6 $2 (52. Ka6 $14 Ra3+ 53. Kb7 Rb3+ 54. Kc6) 52... Ra3 53. Kd6 {aiming for f4.} Ra6+ 54. Ke7 Kg6 55. Kf8 Ra1 56. f4 (56. Ke8 $1 $16 Kg5 57. Ke7) 56... Ra2 (56... Ra4 $1 $11 57. f5+ Kh7) 57. Kg8 (57. Ke7 $16 Ra6 58. Kf8) 57... Ra1 $11 58. f5+ Kh6 59. Kf7 {Hoping for Rh8+.} Kh7 {Inhibits Rh8+.} 60. Ke6 Ra6+ 61. Kd5 Ra5+ $1 62. Kc6 Ra2 63. Kc5 Ra1 64. Kc4 {And now Kd3 would win.} Ra3 65. Kb4 Ra1 66. Kb3 Ra6 $2 {[%mdl 8192]} (66... Ra5 $11 67. Kc3 Ra3+ 68. Kb2 Ra6) 67. Kc3 $2 ({Only move:} 67. Kc2 $18 Ra1 68. Kb3) 67... Ra1 $2 {[%mdl 8192]} (67... Ra2 $11 68. Kb4 Ra1) 68. Kd2 $1 $18 Ra2+ $2 {[%mdl 8192]} (68... Ra4 $11 69. Kc1 Ra5) 69. Ke3 $1 Ra3+ 70. Kf2 Ra2+ 71. Kf3 Ra3+ 72. Kg2 $1 Ra2+ 73. Kh3 $1 Ra3 $2 {[%mdl 8192]} (73... Ra1 $11 74. g4 Rh1+ 75. Kg3 Rg1+ 76. Kh2 Ra1) 74. Kh4 $1 {g4 is the strong threat.} Ra1 {[#]} 75. g4 $1 {Black must now prevent g5.} Rh1+ 76. Kg3 Rg1+ 77. Kf3 Rf1+ $1 78. Kg2 Ra1 79. g5 fxg5 80. Kf3 Ra4 {[#]} 81. Kg3 $1 ({Don't play} 81. Kg4 Rxe4+ 82. Kxg5 Ra4 $18) 81... Ra1 82. Kg4 Rg1+ $2 (82... Ra5 83. Kxg5 Ra6) 83. Kh5 {White is clearly winning.} Ra1 84. Kxg5 Ra4 85. Kh5 Ra1 86. Kh4 Ra3 87. Kg4 Ra6 88. Kf3 Ra3+ 89. Ke2 Ra2+ 90. Kd3 Ra4 91. Kc3 Ra1 92. Kc4 Ra5 93. Kb4 Ra1 94. Kc5 Ra6 95. Kd5 Ra5+ 96. Ke6 Ra1 97. Kxe5 Ra6 98. Kd5 {Weighted Error Value: White=0.42/Black=0.16 (very precise)} 1-0

[Event "12th A.Margaryan Memorial 2022"]
[Site "Yerevan"]
[Date "2022.01.14"]
[Round "4.3"]
[White "Barseghyan, Armen Ar."]
[Black "Sturua, Zurab"]
[Result "1/2-1/2"]
[WhiteElo "2358"]
[BlackElo "2529"]
[Annotator "TA"]
[PlyCount "129"]
[EventDate "2022.01.09"]
[EventType "tourn"]
[EventCountry "ARM"]
[SourceTitle "playchess.com"]
[Source "ChessBase"]
[SourceQuality "1"]

{[%evp 17,129,19,14,0,8,0,7,0,7,5,0,0,4,2,27,-16,-24,-24,-22,-29,-25,-22,-22,-15,-15,-72,-61,-59,-27,-30,0,-5,-21,-69,0,0,65,83,163,170,160,146,380,91,208,198,196,203,186,187,180,138,128,98,111,0,0,23,23,7,31,0,0,0,0,0,0,0,0,0,0,0,0,0,0,0,0,64,0,0,673,0,0,0,0,0,0,0,0,0,0,0,0,0,0,0,0,0,0,0,0,0,0,0,0,0,0,0,0,0,0,0,0,0]} 1. d4 Nf6 2. c4 e6 3. Nf3 b6 4. g3 Ba6 5. b3 Bb7 6. Bg2 Bb4+ 7. Bd2 a5 8. O-O O-O 9. Bc3 d5 10. cxd5 {E15: Queen's Indian: 4 g3 sidelines, 4 g3 Ba6 and 4 g3 Bb7 early deviations.} exd5 11. Bb2 {[#]} Re8 $146 ({Predecessor:} 11... Nbd7 12. a3 Bd6 13. Nc3 Re8 14. Rc1 Qe7 15. Re1 c6 16. a4 Bb4 17. e3 Ne4 {½-½ (25) Ovsejevitsch,S (2475)-Alienkin,A (2415) Pardubice 1998}) 12. a3 Bf8 13. Nc3 Nbd7 14. Rc1 c6 15. Re1 b5 16. Ne5 (16. e3 $142) 16... Nxe5 $11 17. dxe5 Nd7 18. e4 {[%cal Re4d5]} d4 (18... Rxe5 19. exd5 Rxe1+ 20. Qxe1 $14) 19. Qxd4 Nxe5 20. Qe3 Qd3 21. Qb6 {[#]} (21. Qf4 $11 b4 22. axb4) 21... Qd2 $1 $17 22. Re2 {[%cal Be1e2,Be2c2,Bc2c1][%mdl 32]} Qd7 23. Rd1 Qc8 24. Rc2 {[%cal Oc3b5]} a4 25. Nxb5 {[#]} axb3 (25... Rd8 $1 $15 26. Nc3 (26. Rxd8 Qxd8 27. Qxd8 Rxd8 $15) 26... axb3 27. Qxb3 Ba6 28. Rxd8 Qxd8) 26. Rcc1 $11 Nd7 (26... Ra6 $11 27. Qe3 Qb8) 27. Qe3 $36 {[%mdl 2048] Black must now prevent Nd6. White is really pushing. White is much more active.} Nc5 28. Nd6 $18 Bxd6 29. Rxd6 Na4 {[#]} (29... Ne6 $16 30. f4 (30. Qxb3 c5 $16) 30... Qc7) 30. Qxb3 $2 (30. Bxg7 $1 $18 {[%mdl 512] and the rest is easy. Threatening mate with Qg5.} Qg4 31. Bh6) 30... c5 {[#]} (30... Nxb2 $16 {is a better defense.} 31. Qxb2 c5) 31. Ba1 $1 {Threatens to win with Qe3. A strong pair of Bishops.} Bxe4 32. Bxe4 Rxe4 33. Qd5 {To avoid Qf5} Qe8 34. Qg5 ({White should play} 34. Kg2 $18) 34... Qf8 $16 35. Rcd1 Rae8 {[%cal Oh7h6] [#]} 36. Rd8 ({Better is} 36. Kg2 $1 $16) 36... h6 $11 37. Rxe8 {[%csl Ga1][%cal Rg5g7]} hxg5 ({Don't play} 37... Rxe8 38. Qg4 c4 39. Qxc4 $16) 38. Rxe4 Qa8 39. Re5 (39. Rg4 $5 {[%cal Rg4g5]} Kh7 40. Rc1 $16 (40. Rxg5 f6 $14)) 39... f6 40. Re7 {Hoping for Rdd7.} Nb6 {Prevents Rdd7.} 41. Re6 Nc4 42. Rd7 {And now Ree7 would win.} Kf8 43. Ree7 Qxa3 44. Rf7+ Ke8 45. Rfe7+ Kf8 46. Rf7+ Ke8 47. Rde7+ Kd8 48. Ra7 {[%cal Rf7f8]} Qc1+ 49. Kg2 {[%cal Rf7f8]} Ne3+ $1 {The position is equal.} 50. Kf3 {[%cal Rf7f8]} g4+ 51. Ke2 {[%cal Ra7a8] Dancing on a razor blade.} Qd1+ 52. Kxe3 {[%cal Rf7f8]} Qf3+ 53. Kd2 {[%cal Rf7f8]} Qd5+ 54. Kc2 {[%cal Rf7f8]} Qe4+ 55. Kb2 Qb4+ 56. Ka2 {[%cal Rf7f8]} Qc4+ 57. Ka3 {[%cal Ra7a8]} Qb4+ 58. Ka2 {[%cal Rf7f8]} Qc4+ 59. Kb1 {[%cal Rf7f8]} Qe4+ 60. Kc1 Qc4+ 61. Kd1 {[%cal Rf7f8]} Qd3+ 62. Ke1 {[%cal Ra7a8]} Qe4+ 63. Kd2 Qd5+ 64. Ke3 {[%cal Rf7f8]} Qf3+ 65. Kd2 {Weighted Error Value: White=0.22 (precise) /Black=0.17 (very precise)} 1/2-1/2

[Event "12th A.Margaryan Memorial 2022"]
[Site "Yerevan"]
[Date "2022.01.14"]
[Round "4.4"]
[White "Davtyan, Artur"]
[Black "Hayrapetyan, Hovik"]
[Result "1-0"]
[WhiteElo "2454"]
[BlackElo "2499"]
[Annotator "TA"]
[PlyCount "69"]
[EventDate "2022.01.09"]
[EventType "tourn"]
[EventCountry "ARM"]
[SourceTitle "playchess.com"]
[Source "ChessBase"]
[SourceQuality "1"]

{[%evp 17,69,16,31,26,24,16,25,16,33,56,51,-2,1,-22,-8,-25,13,22,31,48,47,39,41,44,169,165,231,231,270,287,277,185,222,142,131,139,130,141,137,156,145,151,156,136,123,133,117,95,121,114,473,476,29998,29999]} 1. d4 d5 2. c4 e6 3. Nc3 Nf6 4. Nf3 c6 5. Bg5 Nbd7 6. e3 Be7 7. Bd3 O-O 8. O-O h6 9. Bh4 b6 10. Qe2 {10.cxd5 is setting a new trend. D60: Queen's Gambit Declined: Classical: Unusual White 7th moves.} Bb7 11. Rad1 dxc4 12. Bxc4 {[#] White has an edge.} b5 $146 ({Predecessor:} 12... Nd5 13. Bxe7 Qxe7 14. Nxd5 exd5 15. Bb3 Rae8 16. Rfe1 Kh8 17. Bc2 f5 18. Qd3 g5 {0-1 (60) Assaubayeva,B-Khometovskaya,Y Astana 2012}) 13. Bd3 b4 14. Nb1 (14. Na4 $1 $14) 14... Rc8 15. h3 c5 16. Bb5 g5 (16... Ne4 $5 {[%cal Re7h4]}) 17. Bg3 Qb6 18. Nbd2 {[%cal Bb1d2,Bd2c4,Bc4e3][%mdl 32]} Rfd8 19. Bd3 {aiming for Nc4.} cxd4 20. Nc4 Qc5 (20... Rxc4 $14 21. Bxc4 dxe3) 21. exd4 $18 Qd5 {[#]} (21... Bxf3 $142 22. Qxf3 Qc6) 22. Ne3 $1 Qa5 23. Ne5 {f4 is the strong threat.} Nf8 (23... Qxa2 $2 24. Ra1 Qb3 25. Bc4 Rxc4 26. N5xc4 $18) 24. f4 {Black must now prevent fxg5.} Rxd4 25. fxg5 hxg5 26. N3g4 (26. Bh7+ N8xh7 27. Rxd4 Ba6 $11) 26... Nxg4 27. Nxg4 {Dancing on a razor blade.} Rxg4 28. Qxg4 f5 (28... Qd5 $2 {[#]} 29. Bh7+ $1 {[%mdl 512]} Nxh7 30. Rxd5 Bxd5 31. Qh5 $18) 29. Qe2 {[%cal Of1f5]} ({Avoid the trap} 29. Qd4 $2 Bc5 30. Qxc5 Qxc5+ $19) 29... Bf6 30. Kh1 Kg7 31. Bd6 Bd5 32. Rc1 Rxc1 33. Rxc1 {Strongly threatening Rc7+.} Ng6 $2 {[%mdl 8192]} (33... Qd8 $16 {is more resistant.} 34. Bc7 (34. Bxb4 Ng6 $14) 34... Qe7) 34. Rc7+ Kh6 {[#]} (34... Be7 $18 35. Rxe7+ Nxe7 36. Bxe7 Qc7 37. Bxb4 Qc1+ 38. Be1 Kg6) 35. Qh5+ $3 {[%mdl 512] Weighted Error Value: White=0.13 (very precise) /Black=0.65} 1-0

[Event "12th A.Margaryan Memorial 2022"]
[Site "Yerevan"]
[Date "2022.01.14"]
[Round "4.5"]
[White "Lobanov, Sergei"]
[Black "Danielyan, Vahe"]
[Result "1-0"]
[WhiteElo "2512"]
[BlackElo "2332"]
[Annotator "TA"]
[PlyCount "93"]
[EventDate "2022.01.09"]
[EventType "tourn"]
[EventCountry "ARM"]
[SourceTitle "playchess.com"]
[Source "ChessBase"]
[SourceQuality "1"]

{[%evp 16,93,29,-25,10,-46,-44,-60,0,0,0,-40,64,62,60,69,69,54,64,64,62,53,52,65,57,60,106,53,57,51,64,63,54,54,93,93,90,98,102,101,101,89,108,103,234,185,179,91,232,206,170,139,137,135,308,254,749,650,964,756,810,810,785,785,4134,0,49,0,29959,29960,29949,29952,29957,29956,4760,5143,29965,29966,4798,1050]} 1. e4 c5 2. Nf3 d6 3. d4 cxd4 4. Nxd4 Nf6 5. Nc3 e6 6. g4 h6 7. h4 Be7 8. Rg1 d5 9. Bb5+ (9. exd5 $142 Nxd5 10. Nxd5 (10. Bb5+ Kf8 $11) 10... Qxd5 11. Bg2) 9... Kf8 {B81: Sicilian Scheveningen: Keres Attack.} 10. e5 (10. exd5 $11 Nxd5 11. Qf3) 10... Nfd7 $15 11. Bf4 a6 ({Better is} 11... Qb6 $15) 12. Bxd7 $11 Nxd7 {[%cal Bb8d7,Bd7f8,Bf8g6][%mdl 32]} 13. Qf3 {[#]} Kg8 $146 (13... Bxh4 $2 14. Nxe6+ $1 {[%mdl 512]} fxe6 15. Bg5+ Kg8 16. Bxd8 $18) ({Black should play} 13... Qc7 $1 $15) ({Predecessor:} 13... Nb6 14. O-O-O Bxh4 15. Kb1 Bd7 16. Qe2 Rc8 17. Rd3 Be7 18. Bc1 Nc4 19. f4 Qb6 {0-1 (38) Givon,A (2220)-Wieczorek,O (2353) Batumi 2010}) 14. g5 $14 {White is much more active. Black has bad knights.} hxg5 15. hxg5 Nf8 16. O-O-O Ng6 17. Nce2 Bd7 18. Kb1 Rc8 19. Rh1 $1 Rxh1 (19... Bxg5 20. Rxh8+ Nxh8 21. Qh5 $16) 20. Rxh1 Kf8 (20... Bxg5 21. Qh5 Bh4 22. Be3 $16 (22. Bg3 Bxg3 23. fxg3 Qc7 $14)) (20... Nxf4 $2 21. Qxf4 Bxg5 22. Qg3 $18 (22. Qh2 Bh6 $15)) (20... Bc5 $14) 21. Qh5 (21. Be3 $1 $16 {aiming for Nf4.} Ke8 22. Nf4 Nxe5 23. Rh8+ Bf8 24. Qh5) 21... Bc5 22. Be3 $40 {[%mdl 128] White has some attack.} Qc7 23. f4 {[%cal Of4f5]} Ke7 24. Qf3 Bb5 25. Nc3 (25. Nxb5 axb5 26. Bd2 Bb6 27. Bb4+ Bc5 $14) 25... Bxd4 26. Bxd4 Qc4 27. Qf2 Rh8 28. Re1 {Hoping for f5.} Rh4 29. b3 Qc8 (29... Qc7 $16) 30. f5 $1 $18 Rf4 {[#]} 31. f6+ (31. Bc5+ Ke8 32. Qd2 (32. Nxb5 axb5 33. Qe3 Re4 $15) 32... Rxf5 $15) (31. Qd2 $1 $18 Rxf5 32. Nxb5 axb5 33. Qb4+ Ke8 34. Re3 (34. Qxb5+ Kf8 $11)) 31... Kd7 {[#]} (31... Kf8 $16 {is a better defense.} 32. Qd2 Rh4) 32. Qd2 $1 gxf6 33. Nxb5 ({Resist} 33. exf6 $6 Bc6 $14) 33... axb5 34. gxf6 {Strongly threatening Rg1.} ({Don't play} 34. exf6 $6 Rh4 $14) 34... Qc6 $2 (34... Re4 $16 {keeps fighting.} 35. Rxe4 dxe4 36. Bb6+ Ke8) 35. Rg1 Kc7 $2 (35... Rh4 36. Rg2 Qc7) 36. Kb2 {[%cal Og1g6] Rxg6! is the strong threat.} Rf5 37. Qa5+ b6 38. Qa7+ Qb7 39. Qa3 ({Not} 39. Bxb6+ Kc6 $14) 39... Qc6 {Inhibits Qd6+.} 40. Qa7+ $2 ({Only move:} 40. Rg3 $18 {White threatens Qa7+ and mate.} Kb7 41. Rc3) 40... Qb7 $14 41. Qa3 {[%mdl 8192]} (41. Bxb6+ $14 Kc6 42. Qxb7+ Kxb7 43. Bd4) 41... Qc6 $1 42. Rg3 {[%cal Bg1g3,Bg3c3,Bc3c7][%mdl 32]} Kb7 43. Rc3 Qd7 44. Qd6 Qxd6 45. exd6 Rh5 46. Rc7+ Kb8 47. Bxb6 {Weighted Error Value: White=0.31/Black=0.50} (47. Rxf7 $142 Rh8 48. Rg7) 1-0

[Event "12th A.Margaryan Memorial 2022"]
[Site "Yerevan"]
[Date "2022.01.14"]
[Round "5.1"]
[White "Danielyan, Vahe"]
[Black "Makarian, Rudik"]
[Result "1-0"]
[WhiteElo "2332"]
[BlackElo "2509"]
[Annotator "TA"]
[PlyCount "137"]
[EventDate "2022.01.09"]
[EventType "tourn"]
[EventCountry "ARM"]
[SourceTitle "playchess.com"]
[Source "ChessBase"]
[SourceQuality "1"]

{[%evp 10,137,7,8,16,0,13,0,13,0,0,12,0,-66,0,0,14,10,18,12,27,29,21,14,23,10,19,14,22,20,20,15,101,0,0,0,0,0,45,38,52,46,52,19,56,39,55,43,48,41,388,376,279,69,114,94,306,136,140,140,131,147,127,80,87,82,204,106,270,200,263,242,244,226,310,307,342,334,300,0,0,0,0,0,20,20,20,8,598,577,563,105,315,20,20,21,105,105,527,472,479,0,0,0,0,0,0,8,1823,1691,959,776,3552,3538,3175,2283,3212,2939,2315,2275,2243,2141,1769,1769,29985,29986,29986,29987,29991,29991]} 1. e4 c5 2. Nf3 e6 3. Nc3 Nc6 4. Bb5 Nd4 5. O-O a6 6. Bd3 Nc6 {B30: Sicilian: 2...Nc6 3 Bb5, lines without ...g6.} 7. a4 {7.e5 is becoming the main line.} Qc7 8. Re1 {[#]} Bd6 $146 {The position is equal.} ({Predecessor:} 8... d6 9. Bf1 Nf6 10. g3 Be7 11. Bg2 O-O 12. d3 Rb8 13. Nh4 b5 14. f4 Nd7 {0-1 (41) Ponikarovsky,A (2150)-Bukavshin,I (2539) St Petersburg 2013}) 9. b3 Ne5 10. Bb2 {[%cal Oc3d5]} Ne7 {Prevents Nd5.} 11. a5 (11. Nxe5 $11 Bxe5 12. Qh5) 11... O-O (11... Nxf3+ $15 12. Qxf3 Bxh2+ 13. Kh1 Be5) 12. Na4 Nxf3+ 13. Qxf3 Bxh2+ 14. Kh1 Be5 15. Bxe5 Qxe5 16. Nb6 Rb8 17. Nc4 Qg5 18. e5 {Active counter play!} Nd5 19. Be4 b5 20. axb6 Bb7 (20... Nxb6 $11 {keeps the balance.} 21. Nd6 (21. Qh3 f5 $11) 21... f5 22. exf6 Rxf6) 21. Na5 (21. Qg3 $16 Qd8 22. Nd6 Qxb6 23. Nxb7 Rxb7 24. Qd3) 21... f5 $11 22. Bd3 $40 {[%mdl 128] White is up to no good.} Ba8 23. b7 Bxb7 (23... Rxb7 $11 24. Nxb7 Bxb7) 24. Nxb7 $14 Rxb7 25. Bc4 $1 Qxd2 26. Rad1 (26. Red1 $5 {[%cal Rd1d2]} Qh6+ 27. Kg1 $14) 26... Qh6+ 27. Kg1 Rc7 28. Bxd5 exd5 29. Rxd5 c4 $2 {[%mdl 8192]} (29... Qc6 $14) 30. Rd6 $18 Qg5 31. bxc4 (31. Qd5+ $18 Kh8 32. Rxd7 (32. Rxa6 cxb3 33. Qd6 Qd8 $14) (32. bxc4 Qe7 $16) 32... Rxd7 33. Qxd7 cxb3 34. e6) 31... Kh8 (31... Qe7 $14 {is more appropriate.}) 32. Qd5 f4 $2 (32... Qe7 $16 {was worth a try.}) 33. Rxa6 (33. Rxd7 $18 {and the rest is easy.} Rxd7 34. Qxd7) 33... h5 $16 34. Ra8 Rxa8 35. Qxa8+ {[%mdl 4096] Endgame KQR-KQR} Kh7 36. Qd5 (36. Qe4+ $142 g6 37. Rd1) 36... Qf5 37. Qd3 Qg6 (37... g6 $16 {was necessary.}) 38. Kf1 ({White should play} 38. Re4 $1 $18) 38... Rc6 $2 (38... Qxd3+ $16 39. cxd3 Kg6) 39. Re4 Re6 40. Rxf4 (40. Qxd7 $6 Qxe4 41. Qxe6 Qxc2 $16) 40... Rxe5 41. Rd4 Kh6 42. Rxd7 {Strongly threatening Rd6.} ({Don't take} 42. Rd6 Re6 43. Rxd7 Qe4 44. Qd2+ g5 $18) 42... Qe4 {[%csl Ge5][%cal Re4e1]} 43. Rd6+ g6 {[%csl Ge5][%cal Re4e1]} 44. Qe3+ (44. Qd2+ $18 Rg5 45. f3 Qxc4+ 46. Kg1) 44... Qxe3 $11 45. fxe3 Rxe3 {KR-KR} 46. Rd3 Re6 47. Kf2 Kg5 $1 48. Kf3 {White wants to play c5.} Rf6+ $2 {[%mdl 8192]} (48... Kf6 $1 $11 {and Black is okay.}) 49. Ke3 $18 Re6+ 50. Kd2 $2 (50. Kd4 $1 $18 Re2 51. c3 Rxg2 52. c5) 50... Kf4 $2 (50... h4 $16 {was called for.}) 51. c5 $2 (51. Rf3+ $18 Kg4 52. Re3) 51... Rc6 $11 52. Rd5 {And now Kd3 would win.} h4 (52... Kg3 $1 $11 {remains equal.}) 53. Kd3 $16 g5 $2 {[%mdl 8192]} (53... Kg3 $16 {is tougher.}) 54. Kc4 $18 g4 {[#]} 55. Rd3 {Prevents h3.} (55. Kb5 $1 $18 {[%cal Rb5c6]} Rc8 56. c6) 55... h3 $11 56. gxh3 {[%cal Bg2h3,Bh3h4,Bh4h5][%mdl 32]} g3 57. Kb5 g2 58. Rd1 Re6 {[%mdl 8192]} (58... Rg6 59. c6 Rg3 60. Rg1 (60. c7 Rc3 $11) 60... Rxh3 61. Rxg2 $18) (58... Rh6 $11) 59. c6 $18 {Threatens to win with c7.} Re5+ 60. Kb6 Re4 61. h4 {Black must now prevent c7.} Rc4 62. h5 {Hoping for c7.} Kg5 63. Rg1 Rxc2 {[#]} 64. c7 $1 {[%cal Og1g2] Threatening mate with Rxg2+!} Kxh5 {[#]} 65. Rxg2 $1 {[%mdl 512]} Rxg2 66. c8=Q {White wants to mate with Qh3+.} Rb2+ 67. Ka5 {White mates.} Ra2+ 68. Kb4 Rf2 69. Qh3+ {Weighted Error Value: White=0.55/Black=0.70} 1-0

[Event "12th A.Margaryan Memorial 2022"]
[Site "Yerevan"]
[Date "2022.01.14"]
[Round "5.2"]
[White "Hayrapetyan, Hovik"]
[Black "Lobanov, Sergei"]
[Result "1/2-1/2"]
[WhiteElo "2499"]
[BlackElo "2512"]
[Annotator "TA"]
[PlyCount "38"]
[EventDate "2022.01.09"]
[EventType "tourn"]
[EventCountry "ARM"]
[SourceTitle "playchess.com"]
[Source "ChessBase"]
[SourceQuality "1"]

{[%evp 10,38,21,6,29,29,37,28,32,37,45,47,47,29,28,6,9,8,18,0,0,0,0,0,0,0,0,0,0,0,0]} 1. d4 Nf6 2. c4 e6 3. Nc3 Bb4 4. Qc2 d5 5. cxd5 exd5 6. Nf3 Ne4 {E35: Nimzo-Indian: Classical: 4...d5 5 cxd5 exd5.} 7. e3 O-O 8. Bd3 Re8 {White has an edge.} 9. O-O {[%cal Rc3e4]} Bxc3 10. bxc3 Nc6 11. Nd2 {[%cal Rd2e4]} Bf5 {[#]} 12. Nxe4 $146 ({Predecessor:} 12. f3 Nxd2 13. Bxd2 Bxd3 14. Qxd3 Na5 15. e4 Nc4 16. e5 Qd7 17. Bg5 Re6 18. f4 {1-0 (38) Martic,Z (2261)-Fercec,N (2451) Mali Losinj 2018}) 12... dxe4 {The position is equal.} 13. Bc4 Na5 14. Be2 Qg5 15. Kh1 Re6 {[#] aiming for ...Qh4.} 16. Rg1 Bg4 (16... Rh6 $5 17. g4 Bd7 $11) 17. f4 Qh4 {( -> ...Rh6)} 18. Bxg4 Qxg4 19. c4 Rh6 {Weighted Error Value: White=0.04 (flawless) /Black=0.04 (flawless)} 1/2-1/2

[Event "12th A.Margaryan Memorial 2022"]
[Site "Yerevan"]
[Date "2022.01.14"]
[Round "5.3"]
[White "Sturua, Zurab"]
[Black "Davtyan, Artur"]
[Result "1/2-1/2"]
[WhiteElo "2529"]
[BlackElo "2454"]
[Annotator "TA"]
[PlyCount "92"]
[EventDate "2022.01.09"]
[EventType "tourn"]
[EventCountry "ARM"]
[SourceTitle "playchess.com"]
[Source "ChessBase"]
[SourceQuality "1"]

{[%evp 24,92,7,10,22,6,26,35,29,25,35,21,27,27,28,24,85,92,84,27,18,16,19,18,102,102,102,99,93,89,87,87,86,81,97,104,89,64,117,134,87,90,127,110,226,216,235,240,240,218,500,523,514,506,460,200,670,0,2,0,0,0,17,0,0,0,0,0,4,8,8]} 1. Nf3 d5 2. g3 e6 3. Bg2 Nf6 4. O-O Be7 5. c4 O-O 6. d4 dxc4 7. Qc2 a6 8. a4 Bd7 9. Rd1 Bc6 10. Nc3 Bxf3 11. Bxf3 Nc6 12. Bxc6 bxc6 13. a5 Nd5 {E05: Open Catalan: 5 Nf3 Be7.} 14. Na2 Qb8 15. Qxc4 Qb5 {White is slightly better.} 16. Qxb5 cxb5 17. e4 Nb4 18. Nxb4 Bxb4 19. Bd2 Bxd2 (19... c5 $1 $11) 20. Rxd2 $11 {[%mdl 4096] Endgame KRR-KRR} Rfd8 {[%cal Oc7c5] [#]} 21. b4 $146 (21. Rc1 $16) ({Predecessor:} 21. Rc1 Rd7 22. Rc6 g6 23. d5 Kg7 24. Kf1 exd5 25. exd5 Rad8 26. Rxa6 Rxd5 27. Rxd5 Rxd5 {½-½ (33) Arnaudov,P (2468)-Rozentalis,E (2596) Augsburg 2010}) 21... Rd6 22. Rc1 Rad8 $1 23. Rxc7 {Black must now prevent e5.} g6 (23... g5 $1 $11 {remains equal.}) 24. d5 $1 $16 exd5 25. e5 Re6 26. f4 {White is more active.} d4 {[%cal Og6g5]} 27. Kf2 {aiming for Kf3.} f6 28. Rc5 $1 fxe5 29. fxe5 {And now Kf3 would win.} ({Much worse is} 29. Rxe5 $6 Rxe5 30. fxe5 Kf7 $11) 29... Rde8 30. Re2 d3 {[#]} (30... Rf8+ $14 31. Ke1 Rf5) 31. Re4 $1 Rd8 ({Black should try} 31... d2 32. Ke2 Rd8) 32. Ke1 d2+ 33. Kd1 Kf7 {[#]} (33... Rd7 $16 {was called for.}) 34. Rc7+ $1 $18 Kg8 35. Re2 Rd5 36. Ra7 Re8 $2 (36... Rexe5 {was necessary.} 37. Rxe5 (37. Rxd2 Rxd2+ 38. Kxd2 Re6 $18) 37... Rxe5 38. Rxa6 Re4 39. Ra8+ (39. Kxd2 Rxb4 40. Kc3 Rc4+ 41. Kb3 Ra4 $18) 39... Kg7 40. Kxd2 Rxb4) 37. Rxa6 Rd4 38. Rxd2 Rxb4 39. Rb6 (39. Ra7 $142) 39... Ra8 $2 (39... Ra4 40. a6 (40. Rxb5 Ra8 $18) 40... Ra8) 40. Rd5 $2 ({Better is} 40. Rd7 $18) 40... Rxa5 $11 {The position is equal.} 41. Rb7 {[%cal Rd5d8]} Ra8 {To avoid Rd8+} 42. Kc2 Rc4+ 43. Kb3 Rf8 44. Rbxb5 Re4 45. Kc3 Rf3+ 46. Rd3 Rf5 {Blacks defense is rewarded with a draw.  Weighted Error Value: White=0.35/Black=0.44} 1/2-1/2